00993nam a2200241 a 450000100060000000300080000600500170001400800410003102000400007203500190011204000260013104100080015708200260016510000370019124501790022826001350040730000440054250500240058665000420061065000190065270000280067170000520069939444BD-RjUL20211209053007.0160411s2005 ii |||| |||| 00| 0 ben d a8177564528 (volume-2)c: TK. 440.00 a(BD-RjUL)39557 aBD-RjULbbencBD-RjUL aben 223a891.444bDUP 2005 aদত্ত, অম্লান aপ্রবন্ধ সংগ্রহ /cঅম্লান দত্ত ; আরতি সেন, গৌতম ভট্টাচার্য সম্পাদনা aকলকাতা :bআনন্দ পাবলিশার্স প্রাইভেট লিমিটেড,c২০০৫ a খন্ড : ;c২১ সেমি. aখন্ড ২ -- aবাংলা প্রবন্ধ aBengali Essays aসেন, আরতি aভট্টাচার্য, গৌতম